000
00329nam a2200133Ia 4500
008
230704s9999 xx 000 0 und d
020
_a
9789374734629
100
_a
ANUJEET
245
0
_a
APPLIED ENGLISH GRAMMAR AND COMPOSITION
260
_b
AITBS PUBLISHERS, INDIA
_c
2021
300
_a
346
650
_a
English
942
_c
BK
999
_c
215471
_d
215471